الإجتماعات وفرق العمل : تنظيم .. ادارة واستراتيجيات .. تميز / (Record no. 33957)
[ view plain ]
| 000 -LEADER | |
|---|---|
| fixed length control field | 00897nam a22002177a 4500 |
| 003 - CONTROL NUMBER IDENTIFIER | |
| control field | JO-AjAnu |
| 005 - DATE AND TIME OF LATEST TRANSACTION | |
| control field | 20250722102839.0 |
| 008 - FIXED-LENGTH DATA ELEMENTS--GENERAL INFORMATION | |
| fixed length control field | 250721b jo ||||| |||| 00| 0 ara d |
| 020 ## - INTERNATIONAL STANDARD BOOK NUMBER | |
| International Standard Book Number | 9789923232071 |
| 040 ## - CATALOGING SOURCE | |
| Original cataloging agency | JO-AjAnu |
| Language of cataloging | ara |
| Transcribing agency | JO-AjAnu |
| Modifying agency | JO-AjAnu |
| Description conventions | rda |
| 041 ## - LANGUAGE CODE | |
| Language code of text/sound track or separate title | ara |
| Language code of original | ara |
| 050 ## - LIBRARY OF CONGRESS CALL NUMBER | |
| Classification number | HD66.A2884 |
| Item number | 2024 |
| 100 #1 - MAIN ENTRY--PERSONAL NAME | |
| Personal name | ابو عاشور، ثائر خالد رضا |
| Relator term | مؤلف |
| 9 (RLIN) | 66611 |
| 245 #0 - TITLE STATEMENT | |
| Title | الإجتماعات وفرق العمل : تنظيم .. ادارة واستراتيجيات .. تميز / |
| Statement of responsibility, etc. | تأليف ثائر خالد رضا ابو عاشور |
| 250 ## - EDITION STATEMENT | |
| Edition statement | الطبعة الاولى |
| 260 ## - PUBLICATION, DISTRIBUTION, ETC. | |
| Place of publication, distribution, etc. | عمان : |
| Name of publisher, distributor, etc. | دار الخليج للنشر والتوزيع، |
| Date of publication, distribution, etc. | 2024 |
| 300 ## - PHYSICAL DESCRIPTION | |
| Extent | 226 صفحة |
| 504 ## - BIBLIOGRAPHY, ETC. NOTE | |
| Bibliography, etc. note | يحتوي على مراجع |
| 650 70 - SUBJECT ADDED ENTRY--TOPICAL TERM | |
| Topical term or geographic name entry element | فرق العمل-تنظيم العمل-العمل الاجتماعي-الادارة. |
| 9 (RLIN) | 66614 |
| 942 ## - ADDED ENTRY ELEMENTS (KOHA) | |
| Source of classification or shelving scheme | Library of Congress Classification |
| Koha item type | Books |
| Suppress in OPAC | No |
| Withdrawn status | Lost status | Source of classification or shelving scheme | Damaged status | Not for loan | Home library | Current library | Date acquired | Total Checkouts | Full call number | Barcode | Date last seen | Price effective from | Koha item type |
|---|---|---|---|---|---|---|---|---|---|---|---|---|---|
| Library of Congress Classification | مكتبة جامعة عجلون الوطنية | مكتبة جامعة عجلون الوطنية | 21/07/2025 | HD66.A2884 2024 | a30238 | 21/07/2025 | 21/07/2025 | Books | |||||
| Library of Congress Classification | مكتبة جامعة عجلون الوطنية | مكتبة جامعة عجلون الوطنية | 21/07/2025 | HD66.A2884 2024 | a30237 | 21/07/2025 | 21/07/2025 | Books |